000 00357nam a2200145Ia 4500
005 20250424073916.0
008 240331s9999 xx 000 0 und d
082 _a300
_bKUM
100 _aKumaran,
245 0 _aKumaran
260 _aColombo
_bKumaran Publication
_c1974
300 _a40 p .,
500 _aTamil Seithipathirikai samanthamanathu
942 _cL
999 _c1001
_d1001